00888 a2200229 450000500170000000800410001701000140005802000230007203500130009503700150010804000080012308200140013124501370014526000310028227000540031330000270036750000510039470000190044594200500046499900150051495201290052920080825110157.0080825t xxu||||| |||| 00| 0 eng d aENG-87082 a8170743028c500.00 aEN-70615 bDBAD / PUB adpl a320.50954 aIndian political thought and movementscedited by Harihar Bhattacharyya [and] Abhijit Ghoshbnew interpretations and emerging issues aKolkatabK.P. Bagchic2007 a286, B.B. Ganguli Street,bKolkatacW.B.e700 012 axxix, 335p.c21cm (Hb) aIncludes bibliographical references and index aGhosh, Abhijit adplcENk320.50954 / IND2ddch320.50954mIND c5961d5961 00104070aDBADbDBADd2008-08-25g500.00l0o320.50954 INDpEN-70615r2008-09-15 00:00:00t1u6387v500.00w2008-09-15yEN